A Luta pelo Direito

Detalles Bibliográficos
Autor principal: von Ihering, Rudolf
Formato: Microfilme Libro
Lenguaje:portugués
Publicado: Brasil Pillares 2008
Materias:
Acceso en línea:Acceso restringido

MARC

LEADER 00000nam a22000007a 4500
005 20160224142324.0
007 hz|||| ||u|
008 160224s2008 bl ||||| |||| 00||0 por d
020 |a 9788589919692 
035 |a 13116 
040 |a vLex 
090 |c 5929  |d 5929 
100 1 |a von Ihering, Rudolf  
245 1 3 |a A Luta pelo Direito  |h [Recurso electrn̤ico] /  |c Rudolf von Ihering 
256 |a Servicio en ln̕ea 
260 |a Brasil  |b Pillares  |c 2008 
300 |a 1 recurso electrn̤ico  
506 1 |a Contenido solo disponible en los productos indicados   |d vLex Global  |d vLex Global (Academic Edition, excluding Law Schools)  |d vLex Global (U.S. Academic Edition, Law Schools)  |d vLex Global (U.S. Academic Edition, excluding Law Schools)  |d vLex Global (Academic Edition, Law Schools) 
650 0 4 |a Derecho   |z Brasil  
740 0 |a vLex libros (servicio en ln̕ea)  
856 4 0 |u http://vlex.com/source/a-luta-pelo-direito-13116  |z Acceso restringido  
942 |c BOOK